Statistics for European Currencies Before The Euro

Click here to take the quiz!

General Stats

  • This quiz has been taken 29 times
  • The average score is 14 of 22

Answer Stats

CountryCurrency% Correct
GermanyMark
100%
FranceFranc
90%
BelgiumFranc
90%
MonacoFranc
90%
LuxembourgFranc
90%
Vatican CityLira
86%
MaltaLira
86%
San MarinoLira
86%
ItalyLira
86%
CyprusPound
76%
IrelandPound
76%
GreeceDrachma
69%
SpainPeseta
69%
NetherlandsGuilder
59%
AustriaSchilling
59%
PortugalEscudo
38%
FinlandMarkka
31%
SlovakiaKoruna
24%
LithuaniaLitas
17%
SloveniaTolar
17%
EstoniaKroon
14%
LatviaLats
14%

Score Distribution

Percentile by Number Answered

Percent of People with Each Score

Your Score History

You have not taken this quiz